Пропуск в контексте

Быт русского народа. Часть 1 Архивная литература

Сохранить в:
Bibliografiske detaljer
Hovedforfatter: Терещенко А.
Format: Архивная литература
Udgivelse:1
Online adgang:https://znanium.com/catalog/document?id=147288
https://znanium.com/cover/0356/356518.jpg
Tags: Tilføj Tag
Ingen Tags, Vær først til at tagge denne postø!
LEADER 01083nam0a2200253 i 4500
001 RU\infra-m\znanium\bibl\356518
003 https://znanium.com/catalog/document?id=147288
005 20190521000000.0
100 |a 20190521d2012 m y0rusy0150 ca 
101 0 |a rus 
102 |a RU 
200 1 |a Быт русского народа. Часть 1  |e Архивная литература 
205 |a 1 
215 |a 525 с. 
333 |a ВО - Бакалавриат 
606 |a Культура. СМИ  |x Культура России  |2 local 
608 |a Архивная литература  |2 local 
675 |a 944  |z rus 
686 |a 6332  |2 rubbk 
686 |a 46.03.01  |2 okso 
700 1 |a Терещенко  |b А.  |g Анна 
801 0 |a RU  |b Общество с ограниченной ответственностью «ЗНАНИУМ»  |c 20120428  |2 rusmarc 
856 4 |a znanium.com  |m ebs_support@infra-m.ru  |n НИЦ ИНФРА-М  |u https://znanium.com/catalog/document?id=147288 
856 4 1 |a znanium.com  |d /cover/0356  |f 356518.jpg  |q image/jpeg  |u https://znanium.com/cover/0356/356518.jpg